GEOGRAFIA DEL TURISMO EN REPUBLICA DOMINICANA (Record no. 2620)

MARC details
000 -LEADER
campo de control de longitud fija 00583nam a22001817a 4500
001 - NÚMERO DE CONTROL
campo de control 10032
005 - FECHA Y HORA DE LA ÚLTIMA TRANSACCIÓN
campo de control 20250602012224.0
008 - DATOS DE LONGITUD FIJA--INFORMACIÓN GENERAL
campo de control de longitud fija 5230202012 dr a
020 ## - NÚMERO INTERNACIONAL ESTÁNDAR DEL LIBRO
Número Internacional Estándar del Libro 978-9945-475-48-7
082 ## - NÚMERO DE LA CLASIFICACIÓN DECIMAL DEWEY
Número de clasificación RD 338.4791
Número de ítem T752g
100 ## - ENTRADA PRINCIPAL--NOMBRE DE PERSONA
Nombre de persona TRONCOSO MORALES BOLIVAR
245 ## - MENCIÓN DEL TÍTULO
Título GEOGRAFIA DEL TURISMO EN REPUBLICA DOMINICANA
Mención de responsabilidad, etc. Bolívae Troncoso Morales ; edición al cuidado de Héctor Luis Martínez.
260 ## - PUBLICACIÓN, DISTRIBUCIÓN, ETC.
Lugar de publicación, distribución, etc. Santo Domingo :
Nombre del editor, distribuidor, etc. IPGH
300 ## - DESCRIPCIÓN FÍSICA
Extensión 367 p. /
Otros detalles físicos il. ; 5 cm
504 ## - NOTA DE BIBLIOGRAFÍA, ETC.
Nota de bibliografía, etc. Nota Incluye bibliografía
650 ## - PUNTO DE ACCESO ADICIONAL DE MATERIA--TÉRMINO DE MATERIA
Término de materia o nombre geográfico como elemento de entrada 1 TURISMO REPUBLICA DOMINICANA
700 ## - ENTRADA AGREGADA--NOMBRE PERSONAL
Nombre de persona TIT
Holdings
Estatus retirado Estado de pérdida Estado de daño No para préstamo Colección Biblioteca de origen Biblioteca actual Fecha de adquisición Total de préstamos Signatura topográfica completa Código de barras Visto por última vez Copia número Precio de reemplazo Tipo de ítem Koha
        Acervo general de Libros Biblioteca Central Mons. Favio M. Rivas S. Biblioteca Central Mons. Favio M. Rivas S. 29/06/2015   RD 338.4791 000000003904 23/05/2025 1 23/05/2025 Libros